000 00464nam a2200157Ia 4500
008 231217s9999 xx 000 0 und d
041 _aEnglish
082 _a621.38502 LAI;1 R
100 _aLaino, Jane
245 0 _aTelecom handbook : understanding telephone systems and services
250 _a4th ed
260 _c2002
_bCMP Books
_aNew York
300 _axxiv+323
650 _aTelecom,handbook,:,understanding,telephone,systems,services
942 _cAA
999 _c172152
_d172152